Granada CF Current Squad - Statistics

General Stats
  • This quiz has been taken 4 times
  • The average score is 21 of 30
Answer Stats
# Positions Nations Answer % Correct
13 GK Spain Ander Astralaga
100%
19 FW Spain Jorge Pascual
100%
11 FW Spain José Arnáiz
100%
1 GK France Luca Zidane
100%
18 MF Cameroon Martin Hongla
100%
28 DF Ghana Oscar Naasei Oppong
100%
9 FW Israel Shon Weissman
100%
22 DF Senegal Baïla Diallo
67%
3 DF Spain Diego Hormigo
67%
31 MF Cameroon Dominique Moubeke
67%
- MF Spain Gerard Gumbau
67%
7 MF Argentina Locas Boyé
67%
24 DF Spain Loïc Williams
67%
5 DF Spain Manu Lama
67%
14 MF Spain Manu Trigueros
67%
4 DF Spain Pablo Insua
67%
21 FW Spain Pablo Sáenz
67%
- Coach Spain Pacheta
67%
2 DF Spain Pau Casadesús
67%
8 MF Spain Pedro Alemañ
67%
32 DF Spain Pere Haro
67%
33 FW Spain Samu Cortés
67%
26 MF Spain Sergio Rodelas
67%
20 DF Spain Sergio Ruiz
67%
17 FW Senegal Souleymane Faye
67%
10 FW Spain Stoichkov
67%
- FW Canada Theo Corbeanu
67%
30 MF Equatorial Guinea Gael Joel Akogo
33%
27 MF Spain Mario Jiménez
33%
29 DF Spain Seydou Fall
33%
No matching quizzes found
Score Distribution
Percent of People with Each Score
Percentile by Number Answered
Your Score History
You have not taken this quiz